书目信息 |
| 题名: |
北大新闻与传播评论
|
|
| 作者: | 程曼丽 主编 | |
| 分册: | 第二辑 | |
| 出版信息: | 北京 北京大学出版社 2006 |
|
| 页数: | 316页 | |
| 开本: | 23cm | |
| 丛书名: | ||
| 单 册: | ||
| 中图分类: | G210-53 , G206-53 , G210 | |
| 科图分类: | ||
| 主题词: | 新闻学--文集 , 传播学--文集 | |
| 电子资源: | ||
| ISBN: | 7-301-10735-8 | |
| 000 | 00987nam0 2200277 450 | |
| 001 | 1536453148 | |
| 005 | 20150126100753.46 | |
| 010 | @a7-301-10735-8@dCNY29.00 | |
| 100 | @a20070318d2006 em y0chiy50 ea | |
| 101 | 0 | @achi@deng |
| 102 | @aCN@b110000 | |
| 105 | @ay z 000yy | |
| 200 | 1 | @a北大新闻与传播评论@9bei da xin wen yu chuan bo ping lun@h第二辑@f程曼丽主编 |
| 210 | @a北京@c北京大学出版社@d2006 | |
| 215 | @a316页@d23cm | |
| 312 | @a封面英文题名: Journalism and communication review. Volume II | |
| 330 | @a本书分“国际传播”、“影视研究”、“广告与营销”、“传播理论、方法与现象”、“转型社会的传媒议题”以及“媒介传播史”六部分,收录了文章二十余篇。 | |
| 510 | 1 | @aJournalism and communication review@hVolume II@zeng |
| 606 | 0 | @a新闻学@j文集 |
| 606 | 0 | @a传播学@j文集 |
| 690 | @aG210-53@v5 | |
| 690 | @aG206-53@v5 | |
| 690 | @aG210@v4 | |
| 701 | 0 | @a程曼丽@9cheng man li@c(女,@f1957~)@4主编 |
| 801 | 0 | @aCN@bTSSF@c20150126 |
| 905 | @aZUCC@dG210@eJY28:2 | |
| 北大新闻与传播评论.第二辑/程曼丽主编.-北京:北京大学出版社,2006 |
| 316页;23cm |
| ISBN 7-301-10735-8:CNY29.00 |
| 本书分“国际传播”、“影视研究”、“广告与营销”、“传播理论、方法与现象”、“转型社会的传媒议题”以及“媒介传播史”六部分,收录了文章二十余篇。 |
| ● |
| 相关链接 |
|
|
|
|
正题名:北大新闻与传播评论
索取号:G210/JY28:2
 
预约/预借
| 序号 | 登录号 | 条形码 | 馆藏地/架位号 | 状态 | 备注 |
| 1 | 7857374 | 278573740 | 学院路分馆/ [索取号:G210/JY28:2] | 在馆 | |
| 2 | 7859837 | 278598377 | 学院路分馆/ [索取号:G210/JY28:2] | 在馆 |